Taylor Swift - Devine la chanson sans indices #46 - Statistiques

Statistiques générales
  • Ce quiz a été pris 255 fois
  • Le résultat moyen est 307 sur 427
Statistiques - réponses
Réponse % Correct
I
99%
"I
99%
(I
99%
a
98%
A
98%
you
98%
you)
98%
the
97%
(Huh),
95%
(Huh)
95%
he
93%
(ah,
92%
love,
92%
me
91%
to
91%
your
91%
my
88%
when
88%
When
88%
And
87%
"Do
87%
do?
87%
can
86%
In
86%
in
86%
on
85%
They
85%
then
83%
say,
81%
don't
80%
Don't
80%
have
80%
I'm
79%
of
79%
Did
78%
too
78%
(too
78%
you're
78%
all
76%
by
76%
it's
74%
was
74%
as
73%
man?"
73%
still
72%
think
71%
we're
71%
been
70%
But
70%
bejeweled
69%
I've
69%
girl
68%
girl)
68%
make
68%
remember"
68%
room
67%
said
67%
walk
66%
ask,
64%
got
64%
shimmer
64%
little
63%
mind
63%
some
63%
whole
63%
Baby
62%
Best
62%
Didn't
62%
out
62%
place
62%
time
62%
up
62%
want
62%
way,
62%
believe
60%
good
60%
heart
60%
shoes
60%
'cause
58%
going
58%
nice
58%
Nice
58%
Just
57%
kind
57%
put
57%
real,
57%
real
57%
band
56%
boy,
56%
Diamonds
56%
diamond's
56%
meet
56%
miss
55%
their
55%
tonight
55%
eyes
54%
gonna
54%
gave
52%
night
52%
present
51%
What's
51%
basement
50%
first
49%
over
49%
shine
49%
sparkling
49%
penthouse
48%
gotta
47%
made
47%
only
47%
top
47%
heard?
46%
peace
46%
five
45%
polish
45%
someone
45%
try
45%
world
44%
change
43%
high
43%
lessons
42%
notice
42%
face
41%
sky
40%
teach
40%
extra
39%
tears
39%
walking
39%
works
39%
Familiarity
38%
credit,
37%
guy
37%
land
37%
Puttin'
37%
wait
37%
line
36%
dancin'
34%
reclaim
34%
curve
33%
might
33%
Sadness
32%
aura's
31%
moonstone
31%
Sapphire
30%
became
26%
breeds
26%
contempt
25%
graded
23%
hey)
21%
Aucun quiz correspondant
Distribution des résultats
% des personnes avec chaque résultat
Percentile par nombre de réponses
Votre historique - résultats
Vous n’avez pas pris ce quiz